A to Z: Musical Terms #5 - Statistics

General Stats
  • This quiz has been taken 1,868 times
  • The average score is 19 of 26
Answer Stats
Hint Answer % Correct
P Michael Jackson; the King of ___ Pop
97%
Q Bohemian Rhapsody band Queen
96%
L Beethoven's first name Ludwig
93%
C Someone who writes music Composer
92%
M Sang Like a Virgin Madonna
92%
F Individual band admirer Fan
91%
Z Stairway to Heaven's Led _______ Zeppelin
90%
T Largest brass instrument Tuba
89%
I Home to Vivaldi and Verdi Italy
86%
X Simon Cowell singing competition X Factor
84%
B Violinist's stick Bow
81%
H Mouth organ Harmonica
80%
J Thriller producer, Quincy _____ Jones
77%
R Second note of the musical scale Re
77%
A Collective concert-goers Audience
75%
K Piano, organ, or harpsichord, eg. Keyboard
75%
O Berlin Philharmonic, eg. Orchestra
72%
Y When "all my troubles seemed so far away" Yesterday
72%
N He fiddled while Rome burned Nero
70%
S Large-scale orchestral work Symphony
69%
D David Guetta, eg. DJ
62%
V Genius, or master, of an instrument Virtuoso
61%
U Red, Red Wine band UB40
48%
G Boombox; ______ blaster Ghetto
47%
E Orinoco Flow singer Enya
44%
W Irish Boy Band, 1998-2012 Westlife
33%
No matching quizzes found
Score Distribution
Percent of People with Each Score
Percentile by Number Answered
Your Score History
You have not taken this quiz